Mario Party Minigames - Statistics

General Stats
  • This quiz has been taken 33 times
  • The average score is 36 of 50
Answer Stats
Hint Answer % Correct
Free-for-All Face Lift
92%
1-Player Ground Pound
92%
Free-for-All Mushroom Mix-Up
92%
Free-for-All Bombs Away
83%
Free-for-All Bumper Balls
83%
Free-for-All Buried Treasure
83%
1-vs-3 Coin Shower Flower
83%
2-vs-2 Deep Sea Divers
83%
2-vs-2 Handcar Havoc
83%
Free-for-All Platform Peril
83%
Free-for-All Shy Guy Says
83%
1-vs-3 Tightrope Treachery
83%
1-vs-3 Tug o' War
83%
1-vs-3 Bash 'n' Cash
75%
2-vs-2 Bobsled Run
75%
2-vs-2 Bombsketball
75%
1-vs-3 Bowl Over
75%
1-vs-3 Coin Block Bash
75%
Free-for-All Coin Block Blitz
75%
1-vs-3 Crane Game
75%
2-vs-2 Desert Dash
75%
Free-for-All Grab Bag
75%
Free-for-All Key-pa-Way
75%
1-vs-3 Piranha's Pursuit
75%
Free-for-All Balloon Burst
67%
Free-for-All Box Mountain Mayhem
67%
Special Bumper Ball Maze
67%
Free-for-All Cast Aways
67%
Free-for-All Crazy Cutter
67%
1-Player Ghost Guess
67%
Free-for-All Hot Bob-omb
67%
Free-for-All Hot Rope Jump
67%
1-Player Memory Match
67%
1-vs-3 Paddle Battle
67%
1-Player Pedal Power
67%
Free-for-All Running of the Bulb
67%
1-Player Shell Game
67%
Free-for-All Skateboard Scamper
67%
Free-for-All Slot Car Derby
67%
1-Player Slot Machine
67%
1-Player Teetering Towers
67%
Free-for-All Treasure Divers
67%
Free-for-All Hammer Drop
58%
1-Player Knock Block Tower
58%
1-Player Limbo Dance
58%
Free-for-All Mario Bandstand
58%
Free-for-All Musical Mushroom
58%
1-vs-3 Pipe Maze
58%
Free-for-All Tipsy Tourney
58%
1-Player Whack-a-Plant
58%
No matching quizzes found
Score Distribution
Percent of People with Each Score
Percentile by Number Answered
Your Score History
You have not taken this quiz